| 000 | 00000nam 2200000za 4500 |
| 001 | 9.571967 |
| 003 | CaOODSP |
| 005 | 20210624183004 |
| 007 | cr ||||||||||| |
| 008 | 150406|1999||||xxc|||||o f|0| 0 eng d |
| 040 | |aCaOODSP|beng |
| 043 | |an-cn--- |
| 086 | 1 |aC21-25/7-1999E-PDF |
| 110 | 1 |aCanada. |bIndustry Canada. |bMicro-Economic Policy Analysis Branch. |
| 245 | 10|aImplications of foreign ownership restrictions for the Canadian economy |h[electronic resource] : |ba sectoral analysis / |cby Steven Globerman. |
| 260 | |aOttawa : |bIndustry Canada, |cApril 1999. |
| 300 | |a45 p. |
| 490 | 1 |aDiscussion paper ; |vNo. 7 |
| 500 | |aThe catalogue number (C21-25/7-1999) and ISBN (0-662-64203-1) for the bilingual print edition have been incorrectly copied in this electronic publication. |
| 504 | |aBibliography. |
| 520 | 3 |aThe purpose of this report is to assess the implications of foreign ownership restrictions for the Canadian economy on a sectoral level. The assessment draws largely upon a literature review, although it also incorporates some original theoretical analysis.--Introduction |
| 590 | |a11-25-Supp|b2011-10-31 |
| 690 | 07|aEconomic conditions|2gcpds |
| 690 | 07|aForeign investments|2gcpds |
| 690 | 07|aForeign policy|2gcpds |
| 720 | 1 |aGloberman, Steven |
| 775 | 08|tConséquences des restrictions à la propriété étrangère pour l'économie canadienne |w(CaOODSP)9.602387 |
| 776 | 0#|tImplications of foreign ownership restrictions for the Canadian economy: a sectoral analysis / |w(CaOODSP)9.531926 |
| 776 | 0#|tConséquences des restrictions à la propriété étrangère pour l'économie canadienne: une analyse sectorielle / |w(CaOODSP)9.531927 |
| 830 | #0|aDiscussion paper (Canada. Industry Canada : Online)|vNo. 7|w(CaOODSP)9.504417 |
| 856 | 40|ahttp://publications.gc.ca|qPDF|s105 KB|uhttps://publications.gc.ca/collections/Collection/C21-25-7-1999E.pdf|yNo. 7 |